000 00496nam a2200181Ia 4500
003 GCL
008 140319s9999 xx 000 0 ara d
040 _aGCL /
_cGCL
082 0 4 _a796.019
_bا ع
100 1 _aاسامة كامل راتب
245 1 0 _aعلم نفس الرياضة /
_cاسامة كامل راتب
300 _a451 ص
490 _a
650 0 4 _aالشخصية
650 0 4 _aالرياضة البدنية
650 0 4 _aعلم النفس الرياضى
942 _2ddc
_cBK
999 _c41717
_d41717